Tin học đại cương : Turbo Pascal /

Uloženo v:
Podrobná bibliografie
Hlavní autor: Tô Văn Nam
Médium: Kniha
Jazyk:Vietnamese
Vydáno: Khoa học và kỹ thuật 2006
Tagy: Přidat tag
Žádné tagy, Buďte první, kdo otaguje tento záznam!
Thư viện lưu trữ: Mạng thư viện Đại học Đà Nẵng
LEADER 00631nam a2200265 4500
001 000028251
003 TĐC
005 20150406120000.0
008 150406s vm 000 vie
020 |c 0,0000 
040 |a notts 
100 |a Tô Văn Nam 
245 |a Tin học đại cương : Turbo Pascal /  |c Tô VănNam. 
260 |b Khoa học và kỹ thuật  |c 2006 
OWN |a LTT 
999 |a From the UDN01 
TYP |a Monograph 
TYP |a Printed language 
980 |a Mạng thư viện Đại học Đà Nẵng